000 00920nam a2200265Ia 4500
003 OSt
005 20220923211159.0
006 a|||||r|||| 00| 0
007 ta
008 220922b |||||||| |||| 00| 0 hin d
020 _a8188289108 (hbk)
_c300
024 _a260,154
037 _b239, 30/09/2011, Eastern Book Linkers
_cTextual
040 _aARTS
_cARTS
_bhin
041 _2hin
_ahin
082 _aR693, 152P5
100 _aजैन, अल्पना
_9159232
245 0 _aजैन वस्तुस्वातं×यवाद
246 _aJain vastuswātan×yavāda
260 _aसागर
_b विश्वविद्यालय प्रकाशन
_c2005
300 _a229पृ.
_ccm.
650 _aभारतीय दर्शन
942 _hR693, 152P5
_cTEXL
_2CC
999 _c296434
_d296434